[Event "Niedersachsen-ch op"]
[Site "Verden"]
[Date "2007.01.07"]
[Round "7"]
[White "Beier, Tobias Mario"]
[Black "Hilgendorff, Finn"]
[Result "0-1"]
[WhiteElo "1878"]
[BlackElo "1914"]
[PlyCount "56"]
[EventDate "2007.01.04"]
[EventType "swiss"]
[EventRounds "7"]
[EventCountry "GER"]
[SourceTitle "EXT 2021"]
[Source "ChessBase"]
[SourceDate "2020.10.23"]
[SourceVersion "1"]
[SourceVersionDate "2020.10.23"]
[SourceQuality "1"]

1. e4 d5 2. exd5 Qxd5 3. Nc3 Qa5 4. d4 Nf6 5. Nf3 Bg4 6. h3 Bh5 7. Bc4 Nc6 8. g4 Bg6 9. Bd2 0-0-0 10. Nd5 Qa4 11. b3 Qa3 12. Nc3 a6 13. Ne2 Be4 14. Ng5 Bxh1 15. Nxf7 e5 16. dxe5 Ne4 17. Nxd8 Nxd8 18. e6 Nxd2 19. Qxd2 Bd6 20. f4 Qc5 21. f5 Nc6 22. 0-0-0 Bf3 23. Kb1 h6 24. Re1 Bxe2 25. Qxe2 Ne5 26. Bd3 Qc3 27. e7 Re8 28. Be4 Rxe7 0-1

[Event "Niedersachsen-ch U18"]
[Site "Rotenburg/Wuemme"]
[Date "2005.03.24"]
[Round "7"]
[White "Seeger, Franziska"]
[Black "Beier, Tobias Mario"]
[Result "1/2-1/2"]
[WhiteElo "2073"]
[BlackElo "1912"]
[PlyCount "94"]
[EventDate "2005.03.19"]
[EventType "swiss"]
[EventRounds "9"]
[EventCountry "GER"]
[SourceTitle "EXT 2007"]
[Source "ChessBase"]
[SourceDate "2006.11.23"]
[SourceVersion "1"]
[SourceVersionDate "2006.11.23"]
[SourceQuality "1"]

1. e4 d5 2. exd5 Nf6 3. Bb5+ Nbd7 4. c4 a6 5. Bxd7+ Qxd7 6. b3 g6 7. Bb2 Bg7 8. Nc3 b5 9. d3 0-0 10. Nge2 Re8 11. 0-0 b4 12. Na4 e6 13. dxe6 Qxe6 14. Ng3 Qd6 15. d4 h5 16. Re1 Bg4 17. f3 h4 18. Nf1 Bd7 19. Nc5 Bc6 20. Qd3 Rad8 21. Rxe8+ Nxe8 22. Rd1 Qxc5 23. dxc5 Rxd3 24. Rxd3 Bxb2 25. Ne3 Kf8 26. Nd5 a5 27. Rd2 Bg7 28. Kf2 Bxd5 29. cxd5 Ke7 30. Re2+ Kd8 31. Ke3 Kd7 32. Kd3 Nf6 33. Kc4 Bf8 34. Rd2 Be7 35. Kb5 Bf8 36. Rd4 g5 37. Rd2 Be7 38. h3 Bf8 39. Kc4 Be7 40. Rf2 Nh5 41. a3 bxa3 42. Ra2 c6 43. d6 Bd8 44. Rxa3 Nf4 45. Ra2 Nd5 46. Kd4 Bf6+ 47. Kc4 Bd8 1/2-1/2

[Event "Niedersachsen-ch U18"]
[Site "Rotenburg/Wuemme"]
[Date "2005.03.19"]
[Round "1"]
[White "Wolters, Rene"]
[Black "Beier, Tobias Mario"]
[Result "1-0"]
[WhiteElo "1529"]
[BlackElo "1912"]
[PlyCount "59"]
[EventDate "2005.03.19"]
[EventType "swiss"]
[EventRounds "9"]
[EventCountry "GER"]
[SourceTitle "EXT 2007"]
[Source "ChessBase"]
[SourceDate "2006.11.23"]
[SourceVersion "1"]
[SourceVersionDate "2006.11.23"]
[SourceQuality "1"]

1. e4 Nf6 2. e5 Nd5 3. c4 Nb6 4. d4 d6 5. f4 dxe5 6. fxe5 Nc6 7. Be3 Bf5 8. Nc3 e6 9. a3 Be7 10. Be2 Bh4+ 11. g3 Bg5 12. Bf2 h6 13. Nf3 Bg4 14. Nxg5 Bxe2 15. Qxe2 Qxg5 16. 0-0 0-0 17. Rad1 Ne7 18. Be3 Qg6 19. b3 Nf5 20. Bf4 Rad8 21. d5 Rd7 22. dxe6 Qxe6 23. Ne4 Rxd1 24. Rxd1 Re8 25. Qg4 Kh8 26. Nc5 Qc6 27. b4 Ne7 28. e6 f5 29. Qh5 Nxc4 30. Rd7 1-0

[Event "Osterode district U16/18"]
[Site "Osterode"]
[Date "2004.10.11"]
[Round "3.2"]
[White "Beier, Tobias Mario"]
[Black "Harlass, Benjamin Leopold"]
[Result "1-0"]
[WhiteElo "1890"]
[BlackElo "1504"]
[PlyCount "63"]
[EventDate "2004.10.09"]
[EventType "swiss"]
[EventRounds "7"]
[EventCountry "GER"]
[SourceTitle "EXT 2006"]
[Source "ChessBase"]
[SourceDate "2005.11.24"]
[SourceVersion "1"]
[SourceVersionDate "2005.11.24"]
[SourceQuality "1"]

1. f4 g6 2. Nf3 Bg7 3. e4 c5 4. Nc3 Nc6 5. Be2 Nd4 6. 0-0 Nxe2+ 7. Qxe2 d6 8. d3 Nh6 9. h3 f5 10. e5 0-0 11. e6 b6 12. Nd5 Bb7 13. c4 b5 14. Be3 a6 15. Ng5 Bc6 16. Rab1 bxc4 17. dxc4 a5 18. Bd2 Kh8 19. Qd3 Be8 20. Bc3 Ng8 21. g4 Bxc3 22. Qxc3+ Nf6 23. Rbe1 Kg8 24. gxf5 gxf5 25. Kh2 Bg6 26. Rg1 Ra7 27. Qg3 Qe8 28. Qh4 Kh8 29. Qh6 Rg8 30. Nf7+ Bxf7 31. Nxf6 Bg6 32. Nxe8 1-0

[Event "Osterode district U16/18"]
[Site "Osterode"]
[Date "2004.10.10"]
[Round "2.1"]
[White "Woscholski, Rouven"]
[Black "Beier, Tobias Mario"]
[Result "1/2-1/2"]
[WhiteElo "1441"]
[BlackElo "1890"]
[PlyCount "65"]
[EventDate "2004.10.09"]
[EventType "swiss"]
[EventRounds "7"]
[EventCountry "GER"]
[SourceTitle "EXT 2006"]
[Source "ChessBase"]
[SourceDate "2005.11.24"]
[SourceVersion "1"]
[SourceVersionDate "2005.11.24"]
[SourceQuality "1"]

1. e4 Nf6 2. Nc3 e5 3. Nf3 Nc6 4. Bc4 Bc5 5. 0-0 d6 6. d3 Bg4 7. Bg5 Nd4 8. Bh4 Nxf3+ 9. gxf3 Bh3 10. Re1 g5 11. Bg3 h5 12. Kh1 h4 13. Qd2 hxg3 14. fxg3 Nh5 15. Ne2 Qd7 16. Rg1 Bxg1 17. Kxg1 0-0-0 18. Kf2 f6 19. Qe3 c5 20. b4 b5 21. Bd5 cxb4 22. a3 Kb8 23. axb4 Rhe8 24. g4 Nf4 25. Nxf4 gxf4 26. Qc1 Qc7 27. Qa3 Qb6+ 28. Ke2 Qe3+ 29. Kd1 Bg2 30. c4 Bxf3+ 31. Kc2 bxc4 32. Qa6 Qb6 33. Qxb6+ 1/2-1/2

[Event "Niedersachsen-ch U18"]
[Site "Borkum"]
[Date "2004.04.09"]
[Round "9"]
[White "Beier, Tobias Mario"]
[Black "Wolters, Rene"]
[Result "1-0"]
[WhiteElo "1768"]
[BlackElo "1281"]
[PlyCount "71"]
[EventDate "2004.04.??"]
[EventType "swiss"]
[EventRounds "9"]
[EventCountry "GER"]
[SourceTitle "EXT 2005"]
[Source "ChessBase"]
[SourceDate "2004.11.15"]
[SourceVersion "1"]
[SourceVersionDate "2004.11.15"]
[SourceQuality "1"]

1. e3 e5 2. Nf3 e4 3. Nd4 c5 4. Nb3 d5 5. d3 Bf5 6. Nc3 Nf6 7. Be2 Nc6 8. 0-0 Be7 9. dxe4 dxe4 10. Nb5 0-0 11. c4 a6 12. Nc3 Qc7 13. Nd5 Nxd5 14. cxd5 Ne5 15. f4 Ng6 16. g4 Bd7 17. f5 Nh4 18. Qe1 g5 19. Bd2 Ba4 20. Bc3 Bxb3 21. axb3 Rad8 22. Rd1 f6 23. Qd2 Kg7 24. Qc2 Rfe8 25. Be1 Bd6 26. Bxh4 Bxh2+ 27. Kh1 gxh4 28. g5 Qg3 29. Bh5 Re5 30. Qxh2 Qxh2+ 31. Kxh2 Rexd5 32. gxf6+ Kxf6 33. Kh3 Rxd1 34. Rxd1 Rxd1 35. Bxd1 Kxf5 36. Kxh4 1-0

[Event "Niedersachsen-ch U18"]
[Site "Borkum"]
[Date "2004.04.06"]
[Round "5"]
[White "Alker, Dennis"]
[Black "Beier, Tobias Mario"]
[Result "0-1"]
[WhiteElo "1361"]
[BlackElo "1768"]
[PlyCount "52"]
[EventDate "2004.04.??"]
[EventType "swiss"]
[EventRounds "9"]
[EventCountry "GER"]
[SourceTitle "EXT 2005"]
[Source "ChessBase"]
[SourceDate "2004.11.15"]
[SourceVersion "1"]
[SourceVersionDate "2004.11.15"]
[SourceQuality "1"]

1. e4 Nf6 2. e5 Nd5 3. c4 Nb6 4. c5 Nd5 5. Nc3 Nxc3 6. bxc3 d6 7. cxd6 exd6 8. exd6 Bxd6 9. Bc4 0-0 10. Ne2 Nc6 11. d4 Re8 12. 0-0 Bf5 13. Ng3 Bg6 14. Qg4 Qc8 15. f3 Na5 16. Qxc8 Raxc8 17. Bd5 c6 18. Bb3 Bxg3 19. hxg3 Re2 20. Bd1 Re7 21. Ba3 Re3 22. Bb4 Nc4 23. Rf2 a5 24. Bc5 b6 25. Bb3 Rxc3 26. Bxc4 bxc5 0-1

[Event "Niedersachsen-ch U18"]
[Site "Borkum"]
[Date "2004.04.06"]
[Round "6"]
[White "Beier, Tobias Mario"]
[Black "Konrad, Maximilian"]
[Result "1-0"]
[WhiteElo "1768"]
[BlackElo "1608"]
[PlyCount "117"]
[EventDate "2004.04.??"]
[EventType "swiss"]
[EventRounds "9"]
[EventCountry "GER"]
[SourceTitle "EXT 2005"]
[Source "ChessBase"]
[SourceDate "2004.11.15"]
[SourceVersion "1"]
[SourceVersionDate "2004.11.15"]
[SourceQuality "1"]

1. f4 d5 2. Nf3 c6 3. e3 Nf6 4. d4 Bg4 5. h3 Bf5 6. Bd3 Bxd3 7. cxd3 e6 8. Nc3 c5 9. 0-0 Nc6 10. Ne5 a6 11. dxc5 Bxc5 12. d4 Bd6 13. Bd2 0-0 14. Rc1 Rc8 15. a3 Nd7 16. Na4 f6 17. Nxd7 Qxd7 18. Nb6 Qe7 19. Nxc8 Rxc8 20. Qg4 Rf8 21. h4 Bc7 22. Rce1 Bb6 23. Bc3 Qd6 24. h5 Rf7 25. Rf3 Ba5 26. b4 Bd8 27. Rh3 Bb6 28. Rf1 Ne7 29. Qf3 Nc8 30. h6 g6 31. Kh1 Qd7 32. g4 Nd6 33. Rg1 Ne4 34. Be1 f5 35. gxf5 exf5 36. Qe2 Rf8 37. Rh2 Rc8 38. Qd3 Nd6 39. Bh4 Bd8 40. Bxd8 Rxd8 41. Rb1 b5 42. a4 Nc4 43. axb5 Qxb5 44. Rc2 Re8 45. Re2 Re6 46. Kg2 Kf7 47. Kf2 Re8 48. Qb3 Re6 49. Ra1 Re8 50. Qa4 Qb7 51. Qxa6 Qxb4 52. Qc6 Nb6 53. Ra7+ Re7 54. Rea2 Kf8 55. Qf6+ Ke8 56. Qh8+ Kf7 57. Qxh7+ Kf6 58. Qh8+ Kf7 59. Qg7+ 1-0

[Event "Niedersachsen-ch U18"]
[Site "Borkum"]
[Date "2004.04.03"]
[Round "1"]
[White "Boss, Igor"]
[Black "Beier, Tobias Mario"]
[Result "1-0"]
[WhiteElo "1931"]
[BlackElo "1768"]
[PlyCount "113"]
[EventDate "2004.04.??"]
[EventType "swiss"]
[EventRounds "9"]
[EventCountry "GER"]
[SourceTitle "EXT 2005"]
[Source "ChessBase"]
[SourceDate "2004.11.15"]
[SourceVersion "1"]
[SourceVersionDate "2004.11.15"]
[SourceQuality "1"]

1. d4 c5 2. d5 d6 3. c4 g6 4. Nf3 Bg7 5. e4 Bg4 6. Be2 Nd7 7. 0-0 Ngf6 8. Nc3 0-0 9. h3 Bxf3 10. Bxf3 Nb6 11. Be2 e6 12. dxe6 fxe6 13. Bg5 h6 14. Be3 Qe7 15. Qc2 Nfd7 16. Rad1 Ne5 17. b3 Nc6 18. Nb5 Rad8 19. Qd2 a6 20. Na3 Nd4 21. Nc2 Nxe2+ 22. Qxe2 d5 23. exd5 exd5 24. cxd5 Nxd5 25. Qc4 Qf7 26. Bxc5 b5 27. Qg4 Rfe8 28. Nb4 h5 29. Qg5 Bf6 30. Qh6 Nc3 31. Rxd8 Rxd8 32. Qe3 Re8 33. Qf3 a5 34. Nc6 Rc8 35. Be3 Nxa2 36. Nxa5 Bc3 37. Qxf7+ Kxf7 38. Nb7 Bb4 39. Ra1 Nc3 40. Ra7 Ke6 41. Ra6+ Kf5 42. Nd6+ Bxd6 43. Rxd6 Ra8 44. Rc6 Nd5 45. Bc1 Ra1 46. Kh2 Rb1 47. f3 Rxb3 48. g4+ Ke5 49. Kg3 Rc3 50. Bb2 Kd4 51. Rxg6 hxg4 52. hxg4 b4 53. Rc6 b3 54. g5 Kd3 55. Bxc3 Nxc3 56. Rb6 Kc4 57. g6 1-0

[Event "BJ-ch U16/18"]
[Site "Hildesheim"]
[Date "2003.10.26"]
[Round "6"]
[White "Beier, Tobias Mario"]
[Black "Metzger, Monia"]
[Result "1-0"]
[WhiteElo "1660"]
[BlackElo "1295"]
[PlyCount "87"]
[EventDate "2003.10.23"]
[EventType "swiss"]
[EventRounds "7"]
[EventCountry "GER"]
[SourceTitle "EXT 2005"]
[Source "ChessBase"]
[SourceDate "2004.11.15"]
[SourceVersion "1"]
[SourceVersionDate "2004.11.15"]
[SourceQuality "1"]

1. f4 d5 2. Nf3 Nc6 3. e3 Nf6 4. Bb5 Bd7 5. 0-0 e6 6. b3 Bd6 7. Bb2 0-0 8. a4 Re8 9. Ne5 Bxe5 10. fxe5 Ne4 11. d3 Nc5 12. Ba3 b6 13. b4 Nb7 14. Bxc6 Bxc6 15. b5 Bd7 16. Qf3 c5 17. bxc6 Bxc6 18. Qxf7+ Kh8 19. d4 Na5 20. Nc3 Nc4 21. Rf3 Nxa3 22. Rxa3 a6 23. Ra1 b5 24. Rg3 Re7 25. Qh5 Kg8 26. Rf1 Raa7 27. Rgf3 Re8 28. Rf7 Rxf7 29. Qxf7+ Kh8 30. Qa7 Qa8 31. Rf7 Qxa7 32. Rxa7 b4 33. Rxa6 Bb7 34. Rb6 bxc3 35. Rxb7 Kg8 36. a5 Ra8 37. Rb5 Kf7 38. Kf2 Kg6 39. Ke2 Kf5 40. Kd3 Rc8 41. a6 Ra8 42. Ra5 Kg6 43. a7 Kf7 44. Kxc3 1-0

[Event "BJ-ch U16/18"]
[Site "Hildesheim"]
[Date "2003.10.23"]
[Round "1"]
[White "Kaiser, Marc"]
[Black "Beier, Tobias Mario"]
[Result "0-1"]
[WhiteElo "1310"]
[BlackElo "1660"]
[PlyCount "46"]
[EventDate "2003.10.23"]
[EventType "swiss"]
[EventRounds "7"]
[EventCountry "GER"]
[SourceTitle "EXT 2005"]
[Source "ChessBase"]
[SourceDate "2004.11.15"]
[SourceVersion "1"]
[SourceVersionDate "2004.11.15"]
[SourceQuality "1"]

1. e4 Nf6 2. Nc3 d5 3. d3 dxe4 4. Nxe4 Nxe4 5. dxe4 Qxd1+ 6. Kxd1 Nc6 7. Bb5 Bd7 8. Ne2 0-0-0 9. Bd2 Ne5 10. Bxd7+ Rxd7 11. b3 Ng4 12. Ke1 Nxf2 13. Kxf2 Rxd2 14. Rac1 e5 15. Rhd1 Bc5+ 16. Kf1 Rhd8 17. Nc3 Rf2+ 18. Ke1 Rxg2 19. Rxd8+ Kxd8 20. Rd1+ Bd4 21. Nb5 Rg1+ 22. Ke2 Rxd1 23. Kxd1 Bb2 0-1